000 00867nam a2200229Ia 4500
003 GCL
008 140319s9999 xx 000 0 ara d
040 _aGCL /
_cGCL
082 0 4 _a956.04
_bم ن
100 1 _aمروان بحيرى
245 1 0 _aالنفط العربى والتهديدات الاميريكية بالتدخل 1973 - 1979 /
_cمروان بحيرى
260 _a[S.N] :
_bمؤسسة الدراسات الفلسطينية ،
_c1980
300 _a84ص
490 _aاوراق مؤسسة الدراسات الفلسطسينية
_v0
650 0 4 _aالنزاع العربى الاسرائيلى
650 0 4 _aالولايات المتحدة الامريكية
650 0 4 _aالقضية الفلسطينية
650 0 4 _aالبترول
650 0 4 _aالنفط العربى
650 0 4 _aاقتصاديات البترول
942 _2ddc
_cBK
999 _c40883
_d40883